<?xml version="1.0" encoding="UTF-8"?>
<collection xmlns="http://www.loc.gov/MARC21/slim">
 <record>
  <leader>     na                 </leader>
  <controlfield tag="001">INLIS000000000886937</controlfield>
  <controlfield tag="005">20240529113239</controlfield>
  <datafield tag="035" ind1=" " ind2=" ">
   <subfield code="a">0010-0524000768</subfield>
  </datafield>
  <controlfield tag="007">ta</controlfield>
  <controlfield tag="008">240529s2024    yoia   g      000 | ind d</controlfield>
  <datafield tag="020" ind1=" " ind2=" ">
   <subfield code="a">978-623-359-403-5</subfield>
  </datafield>
  <datafield tag="082" ind1="0" ind2="4">
   <subfield code="2">23</subfield>
   <subfield code="a">610.7343</subfield>
  </datafield>
  <datafield tag="084" ind1=" " ind2=" ">
   <subfield code="a">610.7343 LAK p</subfield>
  </datafield>
  <datafield tag="100" ind1="0" ind2=" ">
   <subfield code="a">Laksono Trisnantoro</subfield>
   <subfield code="e">Pengarang</subfield>
  </datafield>
  <datafield tag="245" ind1="1" ind2="0">
   <subfield code="a">Pengayaan ilmu kedokteran untuk mengantasi masalah klinis dan kesehatan masyarakat :</subfield>
   <subfield code="b">pengalaman Universitas Gadjah Mada (1993-2023) /</subfield>
   <subfield code="c">Laksono Trisnantoro, Adi Utarini, Andreasta Meliala, Yodi Mahendradhata, Lutfan Lazuardi, Ida Safitri Laksanawati, Hendro Wartatmo, Hasta Yoga, Hanevi Djasri, Ni Luh Putu Andayani, Dwi Handono</subfield>
  </datafield>
  <datafield tag="250" ind1=" " ind2=" ">
   <subfield code="a">Cetakan Pertama, Februari 2024</subfield>
  </datafield>
  <datafield tag="300" ind1=" " ind2=" ">
   <subfield code="a">xxvi, 195 halaman :</subfield>
   <subfield code="b">tabel, bagan ;</subfield>
   <subfield code="c">23 cm</subfield>
  </datafield>
  <datafield tag="650" ind1=" " ind2="4">
   <subfield code="a">Kesehatan masyarakat</subfield>
  </datafield>
  <datafield tag="700" ind1="0" ind2=" ">
   <subfield code="a">Adi Utarini</subfield>
   <subfield code="e">Pengarang</subfield>
  </datafield>
  <datafield tag="700" ind1="0" ind2=" ">
   <subfield code="a">Andreasta Meliala</subfield>
   <subfield code="e">Pengarang</subfield>
  </datafield>
  <datafield tag="700" ind1="0" ind2=" ">
   <subfield code="a">Yodi Mahendradhata</subfield>
   <subfield code="e">Pengarang</subfield>
  </datafield>
  <datafield tag="700" ind1="0" ind2=" ">
   <subfield code="a">Lutfan Lazuardi</subfield>
   <subfield code="e">Pengarang</subfield>
  </datafield>
  <datafield tag="700" ind1="0" ind2=" ">
   <subfield code="a">Ida Safitri Laksanawati</subfield>
   <subfield code="e">Pengarang</subfield>
  </datafield>
  <datafield tag="700" ind1="0" ind2=" ">
   <subfield code="a">Hendro Wartatmo</subfield>
   <subfield code="e">Pengarang</subfield>
  </datafield>
  <datafield tag="700" ind1="0" ind2=" ">
   <subfield code="a">Hasta Yoga</subfield>
   <subfield code="e">Pengarang</subfield>
  </datafield>
  <datafield tag="700" ind1="0" ind2=" ">
   <subfield code="a">Hanevi Djasri</subfield>
   <subfield code="e">Pengarang</subfield>
  </datafield>
  <datafield tag="700" ind1="0" ind2=" ">
   <subfield code="a">Ni Luh Putu Andayani</subfield>
   <subfield code="e">Pengarang</subfield>
  </datafield>
  <datafield tag="700" ind1="0" ind2=" ">
   <subfield code="a">Dwi Handono</subfield>
   <subfield code="e">Pengarang</subfield>
  </datafield>
  <datafield tag="504" ind1=" " ind2=" ">
   <subfield code="a">Bibliografi: halaman 187-193</subfield>
  </datafield>
  <datafield tag="264" ind1="3" ind2="1">
   <subfield code="a">Sleman :</subfield>
   <subfield code="b">Gadjah Mada University Press,</subfield>
   <subfield code="c">2024</subfield>
  </datafield>
  <datafield tag="336" ind1=" " ind2=" ">
   <subfield code="2">rdacontent</subfield>
   <subfield code="a">teks</subfield>
  </datafield>
  <datafield tag="337" ind1=" " ind2=" ">
   <subfield code="2">rdamedia</subfield>
   <subfield code="a">tanpa perantara</subfield>
  </datafield>
  <datafield tag="338" ind1=" " ind2=" ">
   <subfield code="2">rdacarrier</subfield>
   <subfield code="a">volume</subfield>
  </datafield>
  <datafield tag="040" ind1=" " ind2=" ">
   <subfield code="a">YOPDYOG</subfield>
   <subfield code="b">ind</subfield>
   <subfield code="e">rda</subfield>
  </datafield>
  <datafield tag="090" ind1=" " ind2=" ">
   <subfield code="a">CB-D.11 2024-0733</subfield>
  </datafield>
  <datafield tag="850" ind1=" " ind2=" ">
   <subfield code="a">YOPDYOG</subfield>
  </datafield>
  <datafield tag="999" ind1=" " ind2=" ">
   <subfield code="a">CB-D.11/2024-0733</subfield>
  </datafield>
  <datafield tag="990" ind1=" " ind2=" ">
   <subfield code="a">CB-D.11/2024-0733</subfield>
  </datafield>
 </record>
</collection>
